| 000 | 00000nas##2200000za#4500 |
| 001 | 9.514239 |
| 003 | CaOODSP |
| 005 | 20250129103330 |
| 007 | ta |
| 008 | 150406c2000||||xxc|| p #||||f| |0eng|d |
| 022 | |a1493-2776 |
| 040 | |aCaOODSP|beng |
| 043 | |an-cn--- |
| 086 | 1 |aEn58-16E |
| 110 | 2 |aMeteorological Service of Canada. |
| 245 | 10|aCO2/climate report / |cIssued by the Science Assessment and Integration Branch ... (with support from the Panel of Energy R&D). |
| 260 | |aDownsview - Ontario : |bEnvironment Canada. |
| 310 | |aIrregular |
| 362 | 1 |a[Winter 2001?] - Spring 2004 |
| 500 | |a"A periodical newsletter devoted to the review of climate change research". |
| 520 | 3 |aA periodical newsletter devoted to the review of climate change research.--Cover |
| 563 | |aProcessed |
| 775 | 08|tBulletin Le CO2 et le climat / |w(CaOODSP)9.512667 |
| 776 | 0#|tCO2/ climate report / |w(CaOODSP)9.504817 |